| 000 | 00563nam a2200181Ia 4500 | ||
|---|---|---|---|
| 999 |
_c32488 _d32488 |
||
| 003 | OSt | ||
| 005 | 20200730145550.0 | ||
| 008 | 190216s9999||||xx |||||||||||||| ||und|| | ||
| 020 | _a9780521670456 | ||
| 040 | _coclc | ||
| 082 |
_a515.35 _bKIN/D |
||
| 100 |
_aKing, A C _93889 |
||
| 245 | 0 |
_aDifferential Equations : _bLinear, Nonlinear, Ordinary, Partial / _cA C King ; J Billingham ; S R Otto |
|
| 260 |
_bCambridge Uty Press, _c2010. _aUK: |
||
| 300 | _a541p | ||
| 650 | _aMathe Matics | ||
| 942 |
_cBK _2ddc _h515.35 _iKIN/D _k515.35 _mKIN/D |
||